| 000 | 00797cam a2200265 4500 | ||
|---|---|---|---|
| 999 |
_c934 _d934 |
||
| 001 | 2010 | ||
| 003 | BD-DhUAP | ||
| 005 | 20200129140951.0 | ||
| 008 | 200129s1973 njua bs 000 0 eng | ||
| 010 | _a 72010568 | ||
| 020 | _a0132233703 | ||
| 020 | _a0132233622 (pbk.) | ||
| 040 |
_aDLC _cDLC _dBD-DhUAP _bEng |
||
| 082 | 0 | 0 |
_a338.9 GIL _223 |
| 100 | 1 | _aGill, Richard T. | |
| 245 | 1 | 0 |
_aEconomic development : _bpast and present / _cRichard T. Gill. |
| 250 | _a3rd ed. | ||
| 260 |
_aEnglewood Cliffs, N.J.: _bPrentice-Hall, _cc1973. |
||
| 300 |
_aviii, 143 pages : _billustrations ; _c24 cm. |
||
| 490 | 0 | _aFoundations of modern economics series | |
| 500 | _aIncludes index. | ||
| 650 | 0 | _aEconomic development. | |
| 651 | 0 |
_aDeveloping countries _xEconomic conditions. |
|
| 942 |
_2ddc _cBK |
||